000 00937nam a2200277 i 4500
001 000021636
003 DO-SdBNP
005 20240201093021.0
007 ta
008 100909s1983 dr 000 0 spa d
040 _aDO-SdBNP
_bspa
_cBNPHU
_erda
049 _aBNPD
082 4 _bM538p
_222
100 _aMéndez, Mario,
_945014
_eautor
245 1 3 _aEl PLD en la coyuntura histórica :
_bescritos polémicos /
_cMario Méndez, Aristófanes Urbáez ; prólogo, Rafael Alburquerque.
264 _aSanto Domingo :
_bAlfa & Omega,
_c1983.
300 _a337 páginas ;
_c23 cm.
336 _2rdacontent
_atexto
_btxt
337 _2rdamedia
_asin mediación
_bn
338 _2rdacarrier
_avolumen
_bnc
500 _aIncluye referencias bibliográficas y notas al pie de las páginas
590 _aInventariado, 2024/BT
700 1 _aUrbáez, Aristófanes
_945015
700 1 _aAlburquerque, Rafael,
_eprólogo
_97243
942 _2ddc
_cLBS1
999 _c21135
_d21135